000 00430nam a22001337a 4500
005 20241119111120.0
008 241119b |||||||| |||| 00| 0 eng d
110 _aRepublic of Ghana
245 _aCriminal Procedure Code (Amendments) Act, 2002. (Act 633 and 714)
_cRepublic of Ghana
260 _aAccra, Ghana
_bGhana Publishing Co. Ltd.
_c2006
300 _a7 pages
_c23.5 cm
650 _2Criminal Code
_xGhana
942 _2lcc
_cBK
_n0
999 _c1336
_d1336